ABC del diseño industrial latinoamericano
Uloženo v:
| Hlavní autor: | |
|---|---|
| Médium: | Kniha |
| Jazyk: | španělština |
| Vydáno: |
Cataluña, España.
Caligrama,
2019
|
| Vydání: | 1a. ed |
| Témata: | |
| Tagy: |
Přidat tag
Žádné tagy, Buďte první, kdo vytvoří štítek k tomuto záznamu!
|
MARC
| LEADER | 00000cam a2200000 a 4500 | ||
|---|---|---|---|
| 001 | UCB0122 | ||
| 003 | CL-VaPUC | ||
| 005 | 20211030074409.0 | ||
| 008 | 191213e201900000 spa d | ||
| 999 | |c 375843 |d 375841 | ||
| 020 | |a 9788417120900 |c v.1 | ||
| 040 | |c Pontificia Universidad Católica de Valparaíso | ||
| 082 | 0 | 4 | |a 745.2 DIA 2009 |2 21 |
| 100 | 1 | |a Díaz, Pablo |e author |9 604802 | |
| 245 | 1 | 0 | |a ABC del diseño industrial latinoamericano |
| 250 | |a 1a. ed | ||
| 260 | |a Cataluña, España. |b Caligrama, |c 2019 | ||
| 300 | |a 620 páginas | ||
| 583 | |a last modification |c 20191213 11:48:00 |k cmena | ||
| 650 | 0 | 0 | |a Diseño industrial |9 262726 |
| 650 | 0 | 0 | |a Historia del diseño industrial |2 CL-VaPUC |9 469286 |
| 650 | 0 | 0 | |a Productos industriales |2 CL-VaPUC |9 351544 |
| 942 | |c BK |2 ddc | ||
| 945 | |a dcastane |d 20191213 11:48:00 | ||
| 952 | |0 0 |1 0 |2 ddc |4 0 |6 745_200000000000000_DIA_2009 |7 0 |8 A |9 494909 |a BIBARQ |b BIBARQ |d 2019-12-06 |e 3 |g 66666.00 |i 5567106 |l 1 |o 745.2 DIA 2009 |p 5567106 |r 2025-01-20 |s 2022-09-07 |t 1 |v 66666.00 |w 2019-12-06 |y BK | ||